000 01866cam a2200205 4500500
005 20260322002748.0
041 _afre
042 _adc
100 1 0 _aCoulibaly, Mamadou Kounvolo
_eauthor
245 0 0 _a« La problématique de la protection juridique des titulaires de cartes bancaires dans le traitement des réclamations dans l’espace UEMOA »
260 _c2014.
500 _a97
520 _aDepuis 2006, avec la mise en place du Groupement Interbancaire de Monétique (GIM-UEMOA) chargé de la promotion et la gestion des cartes bancaires, l’UEMOA entend faire de celles-ci non seulement des moyens de paiement bancaire très fiables mais aussi et surtout un catalyseur de l’interbancarité des paiements ainsi que de la bancarisation. Dans une telle stratégie, les usagers de banques occupent une place primordiale, parce que leur adhésion est indispensable à la réussite d’un tel projet. Il en est ainsi parce que l’activité bancaire étant une activité commerciale, les usagers constituent sa clientèle, clientèle sans laquelle la banque ne saurait subsister et prospérer. Cela nécessite par conséquent que ces derniers se sentent en confiance et en sécurité lorsqu’ils ont recours à la carte bancaire comme moyen de paiement. D’où la nécessité d’une amélioration des recours amiables tels que celui de la réclamation permettant aux titulaires de cartes bancaires d’obtenir un remboursement chaque fois qu’ils sont victimes d’un paiement non autorisé par eux ou mal exécuté par la banque.
690 _aCartes bancaires
690 _aProtection juridique
690 _aRéclamation
690 _aTitulaires
786 0 _nRevue de l'ERSUMA | 4 | 1 | 2014-03-31 | p. 109-132 | 1840-8621
856 4 1 _uhttps://droit.cairn.info/revue-revue-de-lersuma-2014-1-page-109?lang=fr&redirect-ssocas=7080
999 _c1726355
_d1726355